00403nam a22001457a 450000500170000000800410001702000180005804100120007608200120008810000120010024500490011226000460016130000250020765000250023220240904061127.0240904b |||||||| |||| 00| 0 eng d a9780702179020 aEnglish a349 NAM lEnglish aIndex to the Namibian Law Reports 1990-2006  aCape Town: bJuta and Company Ltd, c2008 b295 pages; c26 cm.  aLegal practice bLaw